000
00324nam a2200133Ia 4500
008
240624s9999 xx 000 0 und d
041
_a
eng
082
_a
332.1 TAN
100
_a
TANDON DEEPAK
245
_a
MANAGEMENT OF BANKS TEXT AND CASES
260
_c
2015
_a
New Delhi
_b
Taxmann
300
_a
336 : p.
365
_c
RS
_b
30
999
_c
27916
_d
27916